00693nam a2200241 a 4500001001300000003000900013005001700022008004100039020002100080082001300101100001900114245002100133260003300154300000800187500003500195505003900230650001900269700001900288902000800307942000700315952011200322999001700434nice12345678IN_TiNIC20260116015003.0050802s1971 onta grp 000 0 eng  a0836113993 c000a266bSHA aShank, David A aHis Spirit First aOntariobHerald Press c1971 a65p aincludes index and biblioraphy2 aIndex, Index of Biblical Citations aChurch-Mission1 aShank, David A bSRS cBK 001040708StackRoom-aHMIbHMId2005-08-02g0.00l0o266 SHAp11001546r2005-08-02v0.00w2005-08-02yBK c17846d17846